La sociología Argentina en la primera mitad del siglo XX /

Uloženo v:
Podrobná bibliografie
Hlavní autor: Marsal, Juan F.
Médium: Text
Tagy: Přidat tag
Žádné tagy, Buďte první, kdo vytvoří štítek k tomuto záznamu!

MARC

LEADER 00000 a a2200000 04500
001 40598
003
040
100 |a Marsal, Juan F.  
245 |a La sociología Argentina en la primera mitad del siglo XX /  |c Juan F. Marsal 
773 |g volumen2, (XI Congreso Latinoamericano de Sociología ), [páginas 135-203]  
999 |c 25693  |d 25693